000
00282nam a22001217a 4500
041
_a
ENG
100
_a
Virkar.k.s
245
_a
Subodh -Marathi English Shabdakosh
260
_a
Pune
_b
Anamol Prakashan
_c
2004
300
_a
486
650
_a
Dictionary
856
_u
Dictionary ( 28 )
999
_c
2281
_d
2281